000 nam a22 7a 4500
999 _c128939
_d128939
008 190208b xxu||||| |||| 00| 0 eng d
020 _a9787801486189
050 _aSPC. DS705.C44 2004
245 _aChina 2004
_cEdited by Sara Grimes and Wong Mingjie
260 _aBeijing
_bNew Star Publishers
_c2004
300 _a264p. ;
_c21cm.
651 _aChina
_xGuidebook
_y2004
_944506
942 _2lcc
_cSPC